| 000 | 00989nas a2200313 4500 | ||
|---|---|---|---|
| 001 | BR2014005666 | ||
| 003 | BR-BrBNA | ||
| 005 | 20231205124456.0 | ||
| 007 | ta | ||
| 008 | 230509b bl.|||p| |||| 00| 00por d | ||
| 040 |
_aBR-BrBNA _bpor _cBiblioteca Nacional de Agricultura |
||
| 041 | _a(Pt) | ||
| 072 | _aF60 | ||
| 100 | 1 | _aMorais, L.P.S. de | |
| 100 | 1 | _aGualtieri, S.C.J. | |
| 100 | 1 | _aLima, M.I.S. | |
| 100 | 1 | _aGatti, A.B. | |
| 100 | 1 | _aPereira, V. de C. | |
| 100 | 1 | _aMiranda, M.A.F.M. | |
| 245 | 1 | _aEfeitos alelopáticos de Lafoensia glyptocarpa Koehne sobre Sesamum indicum L. e sobre o crescimento de coleóptilos de Triticum aestivum L. | |
| 650 | _aALELOPATIA | ||
| 650 | _aGERGELIM | ||
| 650 | _aBIOQUÍMICA | ||
| 650 | _aGERMINAÇÃO | ||
| 650 | _aFISIOLOGIA VEGETAL | ||
| 773 | 0 |
_tIheringia. Série Botânica (Brazil) _xISSN 9973-4705 _g(Jul 2014), v. 69(1) p. 37-48 _wBR2014005666 |
|
| 909 |
_a202311 _bLúcia _c55 _dLúcia Elande |
||
| 942 |
_2AGRIS _n0 _cANA |
||
| 999 |
_c239267 _d239267 |
||